000 00467nam a22001817a 4500
005 20260604123507.0
008 260604b |||||||| |||| 00| 0 eng d
020 _a9789350516799
_c600.00
040 _aMAIN
041 _aEnglish
082 _a332.1
_bAVA
100 _aAvadhani, V.K.
_97557
245 _aFinancial Economics
_b: Theory and Practice
260 _aMumbai
_bHimalaya
_c2014
300 _a384
650 _aEconomics (PM USHA)
_926774
942 _cBK
999 _c61001
_d61001